00237nam a2200097Ia 4500003000400000040000800004082001400012245007200026260002800098300001300126LDD cLDD a796 As78H 0aHandbook of rules and regulations for inter- university tournaments aNew DelhibA.I.U.c1984 axi,169p.